000
00458nam a2200169Ia 4500
008
090711s9999 xx 000 0 und d
082
_b
37685
100
_a
शंकर / शहाणे
245
_a
मर्यादित
260
_c
1976
300
_a
170
600
_a
शंकर / शहाणे
630
_a
मर्यादित
700
_a
शंकर / शहाणे
730
_a
मर्यादित
942
_c
BOOK
999
_c
287932
_d
287932